000 00307nam a22001217a 4500
008 180426b xxu||||| |||| 00| 0 eng d
041 _aeng
080 _a043.3
100 _a0
101 _aSHKI-BTH
245 _aShtresa fizike dhe data link shtresa në teknologjitë e qasjes
_cIlazi,K
942 _2udc
_cBK
999 _c45613
_d45613